Pohľad na nozokomiálne infekcie u chirurgických pacientov 2.

Bibliographic Details
Main Author: Líšková, Anna, 1957- (Author)
Format: Article
Language:Slovak
Subjects:

MARC

LEADER 00000nab a2200000 a 4500
001 vtls000859989
003 SK-MaSNL
005 20260304131659.0
008 250429c2003 xo 0 slo
015 |a SNBRB2004/01-03234 
035 |a CLN000211605 
035 |a urn:nbn:sk:snk-abrot 
035 |a (urnnbn)urn:nbn:sk:snk:ar-a05nhq 
035 |a (uuid)97a41354-df45-4adf-876e-672f7eccf9c7 
040 |a SNKBUCL  |b slo  |c SNKBUCL  |e AACR2 
041 0 |a slo 
044 |a xo  |c SK 
080 |a 616-022.369:579.86:362.11-089  |2 1997 
100 1 |a Líšková, Anna,  |d 1957-  |4 aut  |9 12660 
245 1 0 |a Pohľad na nozokomiálne infekcie u chirurgických pacientov  |n 2.  |c Anna Líšková 
504 |a Bibliogr. odkazy 
650 0 7 |a infekcie skrížené  |2 MESH  |9 855401 
650 0 7 |a grampozitívne koky  |2 MESH  |9 125921 
650 0 7 |a oddelenie nemocnice, chirurgické  |2 MESH  |9 1321232 
650 0 7 |a infekcie baktériové a mykózy  |2 MESH  |9 1226463 
650 0 7 |a antibiotická rezistencia  |2 MESH  |9 14840 
655 7 |a články z novín a časopisov  |2 snkbucl  |9 267496 
773 0 |t Nozokomiálne nákazy  |g Roč. 2, č. 1 (2003), s. 13-18 
850 |a Slovenská národná knižnica 
852 |a Slovenská národná knižnica 
954 |a odborná, vedecká literatúra pôvodná (slovenská)  |2 lita 
958 |a article27 
958 |a MI 
958 |a NB 
958 |a OND 
958 |a EUIPO 
999 |c 2897421  |d 2899351